[Event "chess.com IoM Masters"]
[Site "Douglas ENG"]
[Date "2016.10.02"]
[Round "2.51"]
[White "Vardan, Nagpal"]
[Black "Kolbus, Dietmar"]
[Result "1-0"]
[BlackTitle "IM"]
[WhiteElo "2117"]
[BlackElo "2321"]
[WhiteFideId "25089544"]
[BlackFideId "4610628"]
[EventDate "2016.10.01"]

1. Nf3 c5 2. c4 Nc6 3. Nc3 e5 4. e3 f5 5. d4 e4 6. d5 Nb4 7. Nd2 Nf6 8. a3 Na6
9. Be2 d6 10. g4 Nxg4 11. Bxg4 fxg4 12. Ncxe4 Qh4 13. b3 Bd7 14. Bb2 O-O-O 15.
Qe2 Rg8 16. O-O-O Be7 17. h3 gxh3 18. f3 Nc7 19. Nf2 Bf6 20. Bxf6 Qxf6 21. Nxh3
Qc3+ 22. Kb1 g5 23. Nf2 Qg7 24. Rdg1 Ne8 25. Nde4 Bf5 26. Ka2 h6 27. Ng3 Bg6 28.
Ng4 Rh8 29. e4 Rd7 30. Ne3 Qe5 31. Ngf5 Bxf5 32. Nxf5 Rdh7 33. Rh3 Nf6 34. Qb2
Qxb2+ 35. Kxb2 Kd7 36. Kc2 Ng8 37. Rgh1 Rf7 38. Kd2 Rf6 39. Ke2 Rh7 40. R3h2 Rg6
41. Ke3 Rf6 42. b4 Rhf7 43. Rf1 Rxf5 44. exf5 Ne7 45. bxc5 Nxf5+ 46. Kd3 dxc5
47. Rb2 Nd6 48. f4 gxf4 49. Rbf2 Rg7 50. Rxf4 a6 51. a4 Rg3+ 52. R1f3 Rg1 53.
Rh3 b5 54. Rxh6 bxc4+ 55. Kc2 Rg2+ 56. Kd1 Rg5 57. Rh7+ Ke8 58. Ra7 Rxd5+ 59.
Kc2 Rd4 60. Rf2 c3 61. Rh2 Rd2+ 62. Rxd2 cxd2 63. Rxa6 Kd7 64. Kxd2 Kc7 65. Kd3
Kd7 66. Ke3 Kc7 67. Kf4 Nc4 68. Rh6 Kb7 69. Ke4 Kc7 70. Rh1 Kc6 71. Rh2 Nd6+ 72.
Kd3 Nb7 73. Rh6+ Kd5 74. Kc3 Na5 75. Rb6 Nc4 76. Ra6 Nd6 77. Kb3 Nc4 78. a5 Nd2+
79. Ka4 Ne4 80. Rh6 Nc3+ 81. Kb3 Nb5 82. a6 Nc7 83. a7 c4+ 84. Kc2 Kc5 85. Rh8
Kb6 86. a8=Q Nxa8 87. Rxa8 1-0

[Event "chess.com IoM Masters"]
[Site "Douglas ENG"]
[Date "2016.10.02"]
[Round "2.52"]
[White "Peek, Marcel"]
[Black "Whitehead, David J"]
[Result "1-0"]
[WhiteTitle "IM"]
[WhiteElo "2319"]
[BlackElo "2021"]
[WhiteFideId "1000462"]
[BlackFideId "406813"]
[EventDate "2016.10.01"]

1. d4 Nf6 2. Nf3 g6 3. c4 Bg7 4. Nc3 O-O 5. e4 d6 6. Be2 e5 7. d5 Na6 8. Nd2 c6
9. a3 cxd5 10. cxd5 Nc7 11. O-O Nfe8 12. Nc4 f5 13. exf5 gxf5 14. f4 e4 15. Be3
Nf6 16. Bd4 b6 17. Rc1 Bb7 18. Ne3 Qd7 19. Kh1 Kh8 20. Rf2 Rg8 21. h3 Ncxd5 22.
Ncxd5 Nxd5 23. Nxd5 Bxd5 24. Bxg7+ Qxg7 25. Qxd5 Qxb2 26. Rc7 Rac8 27. Rxc8 Rxc8
28. Qxf5 Qc2 29. Qf6+ Kg8 30. Bg4 1-0

[Event "chess.com IoM Masters"]
[Site "Douglas ENG"]
[Date "2016.10.02"]
[Round "2.53"]
[White "Jackson, James P"]
[Black "Scott, Luke"]
[Result "1-0"]
[WhiteTitle "FM"]
[WhiteElo "2311"]
[BlackElo "2018"]
[WhiteFideId "416860"]
[BlackFideId "2507986"]
[EventDate "2016.10.01"]

1. e4 e6 2. d4 d5 3. Nc3 Nf6 4. e5 Nfd7 5. f4 c5 6. Nf3 Nc6 7. Be3 a6 8. Qd2 b5
9. dxc5 Bxc5 10. O-O-O Qb6 11. Bxc5 Nxc5 12. Nd4 b4 13. Nce2 Ne4 14. Qe3 O-O 15.
Ng3 Rd8 16. Be2 Bb7 17. Bf3 Rac8 18. Rhe1 Nxd4 19. Qxd4 Nc5 20. Kb1 a5 21. f5
Qc7 22. Qg4 Na4 23. Rd2 Nxb2 24. Nh5 g6 25. Nf6+ Kg7 26. Qh4 Nc4 27. Qxh7+ Kf8
28. Rde2 Na3+ 29. Kc1 exf5 30. Nd7+ Rxd7 31. Qh8+ Ke7 32. Qf6+ Kf8 33. e6 1-0

[Event "chess.com IoM Masters"]
[Site "Douglas ENG"]
[Date "2016.10.02"]
[Round "2.54"]
[White "De Rosa, Mariagrazia"]
[Black "Zozulia, Anna"]
[Result "1/2-1/2"]
[WhiteTitle "WFM"]
[BlackTitle "IM"]
[WhiteElo "2102"]
[BlackElo "2303"]
[WhiteFideId "815136"]
[BlackFideId "14102110"]
[EventDate "2016.10.01"]

1. e4 c5 2. Nf3 a6 3. c3 d6 4. d4 Nf6 5. Bd3 Nc6 6. h3 e5 7. dxe5 dxe5 8. Bg5
Be6 9. Qe2 b5 10. O-O c4 11. Bc2 Be7 12. Rd1 Nd7 13. Bxe7 Qxe7 14. Nbd2 O-O 15.
Nf1 Rfd8 16. Ne3 Nf8 17. Nd5 Qc5 18. Qe3 Qxe3 19. Nxe3 f6 20. Nd5 Kf7 21. Nc7
Rxd1+ 22. Rxd1 Ra7 23. Nxe6 Nxe6 24. g3 Ke7 25. Nh2 Rd7 26. Rxd7+ Kxd7 27. Kf1
Kd6 28. Ke2 Na5 29. Nf1 Nb7 30. Ne3 Nbc5 31. Nf5+ Kd7 32. h4 g6 33. Ne3 Nc7 34.
a4 Kd6 35. axb5 axb5 36. Nf1 Ke6 37. Ne3 Kd6 38. Ng4 Ke6 39. Ne3 Kd6 40. Ng4 1/2-1/2

[Event "chess.com IoM Masters"]
[Site "Douglas ENG"]
[Date "2016.10.02"]
[Round "2.55"]
[White "Enkhtuul, Altan-Ulzii"]
[Black "Thomson, Neil"]
[Result "1-0"]
[WhiteTitle "WGM"]
[WhiteElo "2302"]
[BlackElo "2002"]
[WhiteFideId "4901444"]
[BlackFideId "2402246"]
[EventDate "2016.10.01"]

1. d4 Nf6 2. Nf3 g6 3. Bf4 Bg7 4. e3 O-O 5. c3 d6 6. Be2 c5 7. Nbd2 Nh5 8. Bg5
h6 9. Bh4 g5 10. Bg3 cxd4 11. Nxd4 Nxg3 12. hxg3 Nc6 13. Bd3 e5 14. Nf5 Bxf5 15.
Bxf5 d5 16. Qb3 e4 17. O-O-O Qa5 18. Nb1 Rad8 19. Bg4 Ne5 20. Be2 Rd6 21. Na3
Nd7 22. Nb5 Ra6 23. Rxd5 Nb6 24. Rd2 Qxa2 25. Qxa2 Rxa2 26. Kb1 Ra5 27. Nd6 Na4
28. Nxe4 Rc8 29. g4 Re5 30. Nd6 Rb8 31. Bc4 Rf8 32. Nxf7 Kh7 33. Nxe5 1-0

[Event "chess.com IoM Masters"]
[Site "Douglas ENG"]
[Date "2016.10.02"]
[Round "2.56"]
[White "Bianco, Valerio"]
[Black "Osmanodja, Filiz"]
[Result "1/2-1/2"]
[BlackTitle "WIM"]
[WhiteElo "2074"]
[BlackElo "2299"]
[WhiteFideId "800600"]
[BlackFideId "24633569"]
[EventDate "2016.10.01"]

1. Nf3 Nf6 2. g3 d5 3. Bg2 Bg4 4. c4 c6 5. cxd5 cxd5 6. Qb3 Bxf3 7. Bxf3 Qd7 8.
Nc3 e6 9. d4 Nc6 10. Qd1 Bb4 11. O-O O-O 12. Qd3 e5 13. dxe5 Nxe5 14. Qd4 Nxf3+
15. exf3 Bxc3 16. bxc3 Qf5 17. Kg2 Rfc8 18. Be3 h5 19. h4 Rc4 20. Qd2 Ne8 21.
Rfd1 Nc7 22. Qd3 Qe6 23. Rab1 Qc6 24. Bd4 Ne6 25. Qf5 Rd8 26. Qxh5 Nxd4 27. Rxd4
Rxc3 28. Qg5 f6 29. Qg6 Rc4 30. Rbd1 Rxd4 31. Rxd4 Qc5 32. Rg4 Qe7 33. h5 d4 34.
h6 d3 35. hxg7 d2 36. Qh6 Qe8 37. Qh8+ Kf7 38. Qh5+ Kg8 39. Qh8+ Kf7 1/2-1/2

[Event "chess.com IoM Masters"]
[Site "Douglas ENG"]
[Date "2016.10.02"]
[Round "2.57"]
[White "Webb, Laurence E"]
[Black "Fathallah, Joe"]
[Result "1-0"]
[WhiteTitle "FM"]
[WhiteElo "2280"]
[BlackElo "1990"]
[WhiteFideId "402389"]
[BlackFideId "1801899"]
[EventDate "2016.10.01"]

1. d4 f5 2. Nc3 Nf6 3. Bg5 e6 4. e4 fxe4 5. Nxe4 Be7 6. Bxf6 Bxf6 7. Nf3 Nc6 8.
c3 O-O 9. Bd3 d5 10. Nxf6+ Qxf6 11. Qe2 Bd7 12. Bb5 Nb8 13. O-O a6 14. Bd3 Nc6
15. Rae1 Rae8 16. Qe3 Qf4 17. Qxf4 Rxf4 18. Re3 Nd8 19. Rfe1 Ref8 20. Ne5 Bb5
21. Bxh7+ Kxh7 22. Rh3+ Kg8 23. Ng6 Nf7 24. Ne7# 1-0

[Event "chess.com IoM Masters"]
[Site "Douglas ENG"]
[Date "2016.10.02"]
[Round "2.58"]
[White "Harari, Zaki"]
[Black "Strugnell, Carl"]
[Result "1-0"]
[BlackTitle "FM"]
[WhiteElo "2061"]
[BlackElo "2278"]
[WhiteFideId "2002639"]
[BlackFideId "616753"]
[EventDate "2016.10.01"]

1. e4 e6 2. d4 d5 3. Nc3 Nf6 4. e5 Nfd7 5. Nce2 c5 6. c3 Nc6 7. f4 Qb6 8. Nf3
Be7 9. g3 O-O 10. Bh3 Kh8 11. O-O f6 12. Kh1 Ndb8 13. dxc5 Bxc5 14. exf6 Rxf6
15. b4 Be7 16. Qd3 e5 17. Bxc8 e4 18. Qxd5 exf3 19. Rxf3 Na6 20. Be3 Nc7 21. Qd3
Qa6 22. Qxa6 bxa6 23. Bb7 Re8 24. Rd1 Nb5 25. a4 Na3 26. Nd4 Nd8 27. Bd5 Rd6 28.
Bb3 a5 29. b5 Nb7 30. Bc1 Rdd8 31. Re1 Bc5 32. Re5 Nb1 33. Ne6 Rc8 34. Nxc5 Nxc5
35. Bc2 Rxe5 36. fxe5 Nxa4 37. Bxa4 Nxc3 38. e6 Nxa4 39. e7 Kg8 40. Ba3 1-0

[Event "chess.com IoM Masters"]
[Site "Douglas ENG"]
[Date "2016.10.02"]
[Round "2.59"]
[White "Von Meijenfeldt, Bart"]
[Black "Swati, Mohota"]
[Result "1-0"]
[WhiteTitle "FM"]
[BlackTitle "WFM"]
[WhiteElo "2265"]
[BlackElo "1948"]
[WhiteFideId "1032259"]
[BlackFideId "5006511"]
[EventDate "2016.10.01"]

1. e4 d5 2. exd5 Qxd5 3. Nc3 Qa5 4. Nf3 Nf6 5. d4 Bf5 6. Ne5 c6 7. Nc4 Qd8 8.
Be2 e6 9. O-O h5 10. Bf4 Be7 11. a4 a5 12. Re1 Na6 13. Bf3 Nb4 14. Ne4 Nxe4 15.
Bxe4 Bxe4 16. Rxe4 g5 17. Bd2 Qd5 18. Qe2 Nxc2 19. Rd1 Nxd4 20. Rxd4 Qxd4 21.
Bc3 Qg4 22. Qxg4 hxg4 23. Bxh8 f6 24. Nb6 Rd8 25. Rxd8+ Bxd8 26. Nc4 Kf8 27. b3
b5 28. Bxf6 Bxf6 29. Nxa5 bxa4 30. bxa4 Ke8 31. Nxc6 Kd7 32. Nb4 Kc7 33. Nc2 Kb6
34. Ne3 Ka5 35. Nxg4 Bg7 36. f3 Kxa4 37. Nf2 Bd4 38. Kf1 Be3 39. Ke2 Bf4 40. g3
Bc1 41. Nd3 Ba3 42. f4 gxf4 43. Nxf4 Kb5 44. Nxe6 Kc6 45. Kf3 Kd6 46. Nf4 Ke5
47. g4 Kf6 48. h4 Bc1 49. Nd3 Bd2 50. Nf2 Kg6 51. Ne4 Be1 52. h5+ Kh6 53. Kf4
Bh4 54. Nd6 Bg5+ 55. Ke5 Bc1 56. Kf5 Bd2 57. Nf7+ Kg7 58. Ng5 Kh6 59. Ne6 Bb4
60. Nf4 Be7 61. Nd5 Bg5 62. Nf6 Bc1 63. Ne4 Be3 64. Ke5 Bc1 65. Ke6 Bf4 66. Kf6
Bc1 67. Nd6 Bb2+ 68. Kf5 Bc1 69. Nc4 Bg5 70. Ne5 Bc1 71. Ng6 Bg5 72. Nf4 Be7 73.
Ne2 Bg5 74. Ke6 Be3 75. Kf6 Bg5+ 76. Kf5 Bd2 77. Nf4 Be1 78. g5+ Kh7 79. Nd5 Kg7
80. Nf6 Bd2 81. Ng4 Bc1 82. h6+ Kh7 83. g6+ Kh8 84. g7+ 1-0

[Event "chess.com IoM Masters"]
[Site "Douglas ENG"]
[Date "2016.10.02"]
[Round "2.60"]
[White "Guo, Emma"]
[Black "Gungl, Theo"]
[Result "1/2-1/2"]
[WhiteTitle "WIM"]
[BlackTitle "FM"]
[WhiteElo "2018"]
[BlackElo "2257"]
[WhiteFideId "3200795"]
[BlackFideId "24695653"]
[EventDate "2016.10.01"]

1. d4 Nf6 2. Bf4 g6 3. e3 Bg7 4. Nf3 d6 5. h3 O-O 6. Be2 b6 7. O-O Bb7 8. c4 Ne4
9. Nbd2 e5 10. Bh2 Nxd2 11. Qxd2 e4 12. Ne1 Nd7 13. Rc1 Qf6 14. b4 c6 15. Nc2
Rac8 16. Na1 Rfd8 17. Nb3 Qe7 18. Rfd1 c5 19. a3 f5 20. Qe1 cxd4 21. Nxd4 Ne5
22. Qd2 Ba6 23. Nb5 Bxb5 24. Qd5+ Nf7 25. cxb5 Rxc1 26. Rxc1 Be5 27. Bc4 Bxh2+
28. Kxh2 Rd7 29. Rd1 Kg7 30. Kg1 Ne5 31. Qd4 Kh6 32. Bd5 Nd3 33. f3 Qh4 34. fxe4
Nf2 35. exf5 Qg3 36. Rc1 Nxh3+ 37. Kh1 Nf2+ 38. Kg1 Nh3+ 39. Kh1 Nf2+ 40. Kg1
Nh3+ 41. Kh1 1/2-1/2

[Event "chess.com IoM Masters"]
[Site "Douglas ENG"]
[Date "2016.10.02"]
[Round "2.61"]
[White "Sipos, Silvester"]
[Black "Hill, Alistair"]
[Result "1-0"]
[WhiteElo "2006"]
[BlackElo "2249"]
[WhiteFideId "444260"]
[BlackFideId "432407"]
[EventDate "2016.10.01"]

1. g3 c5 2. Bg2 Nc6 3. c4 g6 4. Nc3 Bg7 5. d3 e6 6. e4 d6 7. Nge2 Nge7 8. O-O
O-O 9. Be3 Nd4 10. Qd2 Nec6 11. h3 Rb8 12. Rab1 a6 13. f4 b5 14. b3 Bd7 15. Rf2
b4 16. Nd1 a5 17. Nc1 Ne7 18. Kh2 Qc7 19. Qe1 Bc6 20. Qh1 Ra8 21. Rd2 a4 22.
Bxd4 Bxd4 23. Ne2 Bg7 24. d4 axb3 25. axb3 cxd4 26. Nxd4 e5 27. Ne2 Ra3 28. Ne3
Rfa8 29. Qd1 Ra2 30. fxe5 dxe5 31. Nd5 Qb7 32. Nc1 R2a7 33. Nd3 Nxd5 34. exd5
Be8 35. Qe1 Rb8 36. Nxe5 Bd7 37. Re2 Bf5 38. Rd1 Bxe5 39. Rxe5 Bc2 40. d6 Qc8
41. Rd2 Bxb3 42. Qe3 f6 43. Qxa7 fxe5 44. d7 1-0

[Event "chess.com IoM Masters"]
[Site "Douglas ENG"]
[Date "2016.10.02"]
[Round "2.62"]
[White "Rakesh, Kumar Jena"]
[Black "Tirziman, Rudolf"]
[Result "1-0"]
[WhiteTitle "FM"]
[WhiteElo "2247"]
[BlackElo "1923"]
[WhiteFideId "5084822"]
[BlackFideId "2508664"]
[EventDate "2016.10.01"]

1. e4 e6 2. d4 d5 3. Nd2 c5 4. exd5 Qxd5 5. Ngf3 Nf6 6. Bc4 Qd6 7. O-O Be7 8.
Nb3 cxd4 9. Nbxd4 a6 10. Qe2 b5 11. Bb3 O-O 12. Bg5 Bb7 13. Rad1 Bd5 14. Rfe1
Ra7 15. Bxd5 Nxd5 16. a4 b4 17. Bxe7 Qxe7 18. Nxe6 Qxe6 19. Qd2 Qf6 20. Qxd5
Qxb2 21. Qd8 Qf6 22. Re8 Qxd8 23. Rdxd8 Nd7 24. Ne5 Rxe8 25. Rxe8+ Nf8 26. Nc6
Rd7 27. Ne7+ Rxe7 28. Rxe7 Ne6 29. Re8+ 1-0

[Event "chess.com IoM Masters"]
[Site "Douglas ENG"]
[Date "2016.10.02"]
[Round "2.63"]
[White "Birkett, Richard"]
[Black "Lorscheid, Gerhard"]
[Result "1/2-1/2"]
[BlackTitle "FM"]
[WhiteElo "1996"]
[BlackElo "2238"]
[WhiteFideId "2401819"]
[BlackFideId "4606000"]
[EventDate "2016.10.01"]

1. e4 d6 2. f4 d5 3. exd5 Qxd5 4. Nf3 Nf6 5. d4 Bg4 6. Be2 e6 7. c4 Qd8 8. O-O
Be7 9. Nc3 O-O 10. Be3 c6 11. Qb3 Qc7 12. Rad1 Nbd7 13. Kh1 Rfd8 14. Ne5 Bxe2
15. Nxe2 g6 16. Bg1 Qb6 17. Qc2 Qa6 18. Rd3 Rac8 19. c5 b5 20. Ra3 Qb7 21. Rh3
Qc7 22. Ng3 Bf8 23. Qf2 Bg7 24. Ne2 Nf8 25. Qf3 Nd5 26. Ng3 Ne7 27. Ne4 Nf5 28.
Qc3 f6 29. Ng4 Qe7 30. Rd1 Rc7 31. Ng3 Qf7 32. Nxf5 exf5 33. Ne3 Qxa2 34. Nc2
Qf7 35. Rf3 Ne6 36. Re1 Bh6 37. g3 Rcd7 38. Qb3 Nf8 39. Qxf7+ Kxf7 40. Nb4 Rc8
41. Ra3 Ne6 42. d5 cxd5 43. c6 Rdd8 44. Rxa7+ Rc7 45. Rxc7+ Nxc7 46. Bb6 Rc8 47.
Bxc7 Rxc7 48. Nxd5 Rxc6 49. Re7+ Kf8 50. Rc7 Rxc7 51. Nxc7 b4 52. Na6 b3 1/2-1/2

[Event "chess.com IoM Masters"]
[Site "Douglas ENG"]
[Date "2016.10.02"]
[Round "2.64"]
[White "Kotepalli, Sai Nirupama"]
[Black "Allen, Keith"]
[Result "1/2-1/2"]
[WhiteTitle "WFM"]
[WhiteElo "1944"]
[BlackElo "2236"]
[WhiteFideId "5039444"]
[BlackFideId "2501147"]
[EventDate "2016.10.01"]

1. d4 f5 2. Nf3 Nf6 3. g3 e6 4. Bg2 d5 5. O-O Bd6 6. c4 c6 7. Nc3 O-O 8. a3 a5
9. c5 Bc7 10. Rb1 Nbd7 11. Bf4 Bxf4 12. gxf4 b5 13. cxb6 Nxb6 14. Ne5 Qd6 15.
Na4 Nxa4 16. Qxa4 Ba6 17. Qxc6 Qxc6 18. Nxc6 Bxe2 19. Rfe1 Bd3 20. Rbd1 Be4 21.
f3 Bc2 22. Rd2 Ba4 23. Rxe6 Bxc6 24. Rxc6 Nh5 25. Bf1 Nxf4 26. Kf2 Rfb8 27. Rc5
Rb6 28. Bb5 Rab8 29. a4 Kf7 30. Rdc2 Ke6 31. Rc7 R8b7 32. Rc8 Kf6 33. Ra8 Rxb5
34. axb5 Rxb5 35. Ke3 Ne6 36. Ra6 1/2-1/2

[Event "chess.com IoM Masters"]
[Site "Douglas ENG"]
[Date "2016.10.02"]
[Round "2.65"]
[White "Dahl, Baard"]
[Black "Player, Edmund C"]
[Result "0-1"]
[WhiteElo "1921"]
[BlackElo "2227"]
[WhiteFideId "444251"]
[BlackFideId "406520"]
[EventDate "2016.10.01"]

1. e4 e6 2. d4 d5 3. Nd2 Be7 4. e5 Nh6 5. Bd3 c5 6. c3 Nc6 7. Ne2 cxd4 8. cxd4
f6 9. exf6 Bxf6 10. Nf3 Nf7 11. O-O Qb6 12. Bb1 Bd7 13. Re1 O-O-O 14. a4 g5 15.
Ra3 a5 16. Rb3 Nb4 17. Nc3 h6 18. Be3 Be8 19. Bd3 g4 20. Nd2 Bxd4 21. Qxg4 Bxe3
22. Rxe3 Bd7 23. Bb5 d4 24. Bxd7+ Rxd7 25. Rxe6 Qc5 26. Nde4 Qc7 27. Nd1 Ne5 28.
Qh5 Nec6 29. Rxh6 Rhd8 30. Nc5 Re7 31. Re6 Rxe6 32. Nxe6 Qe7 33. Qf5 Kb8 34. Rg3
Rd6 35. Rg6 Qd7 36. g4 Ne7 37. Qf8+ Ka7 38. Rf6 Rxe6 0-1

[Event "chess.com IoM Masters"]
[Site "Douglas ENG"]
[Date "2016.10.03"]
[Round "3.1"]
[White "Caruana, Fabiano"]
[Black "Grandelius, Nils"]
[Result "1/2-1/2"]
[WhiteTitle "GM"]
[BlackTitle "GM"]
[WhiteElo "2813"]
[BlackElo "2642"]
[WhiteFideId "2020009"]
[BlackFideId "1710400"]
[EventDate "2016.10.01"]

1. e4 c5 2. Nf3 d6 3. d4 cxd4 4. Nxd4 Nf6 5. Nc3 a6 6. Be3 e6 7. Be2 Be7 8. f4
Nc6 9. g4 Nd7 10. g5 g6 11. Bc4 Nxd4 12. Qxd4 e5 13. Qd5 O-O 14. Bb3 exf4 15.
Bxf4 Ne5 16. h4 Nf3+ 17. Kf2 Ne5 18. Rad1 Bg4 19. Qxb7 Rb8 20. Qxa6 Rb6 21. Qa5
Bxd1 22. Rxd1 Nc6 23. Qd5 Qc8 24. Kg3 h5 25. gxh6 Bf6 26. Qd2 Ne5 27. Qe2 Qd8
28. Rh1 Kh7 29. Nd5 Bxh4+ 30. Rxh4 g5 31. Rg4 gxf4+ 32. Kxf4 Rb7 33. Rg7+ Kxh6
34. Rg1 Qh4+ 35. Ke3 Qh3+ 36. Kf2 Qh4+ 37. Ke3 Qh3+ 38. Kf2 Qh4+ 39. Ke3 1/2-1/2

[Event "chess.com IoM Masters"]
[Site "Douglas ENG"]
[Date "2016.10.03"]
[Round "3.3"]
[White "Hou, Yifan"]
[Black "Rodshtein, Maxim"]
[Result "1/2-1/2"]
[WhiteTitle "GM"]
[BlackTitle "GM"]
[WhiteElo "2649"]
[BlackElo "2687"]
[WhiteFideId "8602980"]
[BlackFideId "2806851"]
[EventDate "2016.10.01"]

1. Nf3 d5 2. c4 d4 3. b4 Bg4 4. Qb3 Bxf3 5. Qxf3 c6 6. Na3 e5 7. Rb1 Nf6 8. g4
a5 9. b5 Bc5 10. bxc6 bxc6 11. Bg2 O-O 12. O-O e4 13. Qh3 h6 14. d3 exd3 15.
exd3 Qd7 16. Nc2 Nxg4 17. Qg3 Bd6 18. Bf4 Bxf4 19. Qxf4 Rd8 20. Rb6 Nf6 21. Rfb1
Qg4 22. Qxg4 Nxg4 23. Nxd4 Ne5 24. Be4 g5 25. Nf5 Kf8 26. Rb7 Na6 27. d4 Nxc4
28. Bxc6 Nd6 29. Nxd6 Rxd6 30. d5 Rad8 31. a3 Nc5 32. Ra7 Ne4 33. Rbb7 Rf6 34.
Rb2 Nd6 35. a4 Rf4 36. Kg2 Nc4 37. Re2 Rd6 38. Rb7 Rdf6 39. Rb5 Rg4+ 40. Kf1 Rd4
41. Kg2 Kg7 42. Rb3 Rff4 43. h3 h5 44. Rf3 Rxf3 45. Kxf3 Kf6 46. Re8 Rd3+ 47.
Kg2 Nb6 48. Rd8 Ke7 49. Re8+ Kd6 50. Rf8 Ke7 51. Re8+ Kf6 52. Rd8 Ke7 1/2-1/2

[Event "chess.com IoM Masters"]
[Site "Douglas ENG"]
[Date "2016.10.03"]
[Round "3.4"]
[White "Vidit, Santosh Gujrathi"]
[Black "Bok, Benjamin"]
[Result "1-0"]
[WhiteTitle "GM"]
[BlackTitle "GM"]
[WhiteElo "2686"]
[BlackElo "2594"]
[WhiteFideId "5029465"]
[BlackFideId "1017063"]
[EventDate "2016.10.01"]

1. d4 Nf6 2. c4 g6 3. Nc3 d5 4. Nf3 Bg7 5. h4 dxc4 6. e4 c5 7. d5 b5 8. h5 O-O
9. hxg6 fxg6 10. e5 Ng4 11. d6 e6 12. Rxh7 Rf5 13. Rh3 Bb7 14. Nxb5 Qa5+ 15. Nc3
Nxe5 16. Nxe5 Rxe5+ 17. Be3 Nd7 18. Rg3 Be4 19. Bxc4 Rh5 20. Bxe6+ Kh7 21. Rh3
Bxc3+ 22. bxc3 Qxc3+ 23. Kf1 Nf6 24. Rc1 Qe5 25. d7 Rd8 26. Rxh5+ gxh5 27. Bh3
c4 28. Rxc4 Qb5 29. Qd4 Bd5 30. Qxf6 Bxc4+ 31. Kg1 Rxd7 32. Qf5+ 1-0

[Event "chess.com IoM Masters"]
[Site "Douglas ENG"]
[Date "2016.10.03"]
[Round "3.5"]
[White "Shirov, Alexei"]
[Black "Brunello, Sabino"]
[Result "1-0"]
[WhiteTitle "GM"]
[BlackTitle "GM"]
[WhiteElo "2679"]
[BlackElo "2566"]
[WhiteFideId "2209390"]
[BlackFideId "813613"]
[EventDate "2016.10.01"]

1. e4 c6 2. d4 d5 3. e5 Bf5 4. Nf3 e6 5. Be2 Ne7 6. O-O Bg6 7. Nbd2 c5 8. c4
cxd4 9. Nxd4 Nec6 10. N2f3 Be4 11. Ng5 Nxd4 12. Qxd4 Nc6 13. Qe3 Bg6 14. cxd5
Qxd5 15. Bf3 Qb5 16. a4 Qc4 17. b3 Qc2 18. Bd2 Rd8 19. Bxc6+ Qxc6 20. Rfc1 Qd5
21. Nf3 b6 22. b4 Be7 23. Rc7 Rd7 24. Rxd7 Qxd7 25. a5 Bd8 26. Nd4 bxa5 27. bxa5
O-O 28. Rc1 a6 29. Bb4 Be7 30. Bxe7 Qxe7 31. Nc6 Qh4 32. g3 Qg4 33. Qc5 Re8 34.
Ne7+ Kh8 35. Qc6 Rf8 36. Qc8 1-0

[Event "chess.com IoM Masters"]
[Site "Douglas ENG"]
[Date "2016.10.03"]
[Round "3.6"]
[White "Howell, David W L"]
[Black "Movsesian, Sergei"]
[Result "1/2-1/2"]
[WhiteTitle "GM"]
[BlackTitle "GM"]
[WhiteElo "2644"]
[BlackElo "2677"]
[WhiteFideId "410608"]
[BlackFideId "310204"]
[EventDate "2016.10.01"]

1. c4 Nf6 2. Nc3 e5 3. Nf3 Nc6 4. g3 d5 5. cxd5 Nxd5 6. Bg2 Nb6 7. O-O Be7 8. a3
O-O 9. b4 Be6 10. d3 Nd4 11. Rb1 Nd5 12. Bd2 Nxf3+ 13. Bxf3 c6 14. b5 c5 15. Qa4
Qd7 16. Rfc1 Rfd8 17. Nxd5 Bxd5 18. Bxd5 Qxd5 19. Be3 b6 20. Qc4 Qxc4 21. Rxc4
a6 22. a4 f6 23. a5 axb5 24. Rxb5 bxa5 25. Ra4 Rdc8 26. Rbxa5 Rxa5 27. Rxa5 c4
28. dxc4 Rxc4 29. Kg2 Kf7 30. Ra7 Ke6 1/2-1/2

[Event "chess.com IoM Masters"]
[Site "Douglas ENG"]
[Date "2016.10.03"]
[Round "3.7"]
[White "Lenderman, Aleksandr"]
[Black "Sargissian, Gabriel"]
[Result "1/2-1/2"]
[WhiteTitle "GM"]
[BlackTitle "GM"]
[WhiteElo "2593"]
[BlackElo "2670"]
[WhiteFideId "2021285"]
[BlackFideId "13300881"]
[EventDate "2016.10.01"]

1. d4 Nf6 2. g3 d5 3. Nf3 c6 4. c4 g6 5. Bg2 Bg7 6. cxd5 cxd5 7. Nc3 O-O 8. Ne5
b6 9. Bf4 Bb7 10. Qa4 e6 11. Rc1 a6 12. O-O Nbd7 13. Qb3 Rc8 14. Bg5 b5 15. a4
Qb6 16. Bxf6 Nxf6 17. e3 b4 18. a5 Qxa5 19. Ra1 Qc7 20. Qxb4 Rfd8 21. Rfc1 Bf8
22. Qb3 Nd7 23. Nxd7 Rxd7 24. Bf1 Qb8 25. Na4 Rdc7 26. Rxc7 Qxc7 27. Nc5 Bxc5
28. dxc5 Qc6 29. Bg2 Qc7 30. Qb4 e5 31. Rd1 Rd8 32. Qb3 Qc6 33. Qc3 Qf6 34. Qa5
Kg7 35. Rd2 Rd7 36. Qb4 Qe7 37. Qb6 Qd8 38. Qxd8 Rxd8 39. b4 Bc6 40. Ra2 Bb5 41.
Bf1 d4 42. Bxb5 axb5 43. exd4 Rxd4 44. Rc2 Kf6 45. c6 Rd8 46. f4 exf4 47. gxf4
Ke6 48. Kf2 Rc8 49. Ke3 Kd6 50. Kd4 Rxc6 51. Rxc6+ Kxc6 52. Ke5 Kd7 53. Kf6 Kd6
54. Kxf7 Kd5 55. Kg7 Kc4 56. Kxh7 Kxb4 57. Kxg6 Kc4 58. f5 b4 59. f6 b3 60. f7
b2 61. f8=Q b1=Q+ 62. Kh6 Qc1+ 63. Kh5 Qd1+ 64. Kh4 Qe1+ 65. Kh3 Qe3+ 66. Kg4
Qg1+ 67. Kh3 Qe3+ 68. Kg2 Qe2+ 69. Kg3 Qe1+ 70. Qf2 Qxf2+ 71. Kxf2 Kd5 1/2-1/2

[Event "chess.com IoM Masters"]
[Site "Douglas ENG"]
[Date "2016.10.03"]
[Round "3.8"]
[White "So, Wesley"]
[Black "Merry, Alan B"]
[Result "1-0"]
[WhiteTitle "GM"]
[BlackTitle "FM"]
[WhiteElo "2794"]
[BlackElo "2388"]
[WhiteFideId "5202213"]
[BlackFideId "418811"]
[EventDate "2016.10.01"]

1. d4 Nf6 2. c4 g6 3. Nc3 Bg7 4. e4 d6 5. f3 a6 6. Be3 Nfd7 7. Qd2 c5 8. d5 Qa5
9. Bh6 Bxc3 10. bxc3 Ne5 11. Bg7 Rg8 12. Bxe5 dxe5 13. h4 Nd7 14. Bd3 Nb6 15.
Ne2 h5 16. Rb1 Nd7 17. Kf2 Qc7 18. Rb2 b6 19. Bc2 Nf6 20. Nc1 Kf8 21. Nd3 Qd6
22. Rhb1 Rb8 23. Qe3 Nd7 24. Qh6+ Ke8 25. Ba4 f6 26. Qh7 Kf8 27. Bc6 Rg7 28. Qh6
Kf7 29. Rb3 b5 30. Nb2 Nb6 31. a4 b4 32. a5 Nd7 33. Nd3 Qc7 34. Qe3 bxc3 35.
Bxd7 Rxb3 36. Be6+ Bxe6 37. dxe6+ Kxe6 38. Rxb3 f5 39. exf5+ gxf5 40. Rb6+ 1-0